[Event "Landsturneringen 2017"]
[Site "Clarion Energy Hotel, Stavanger"]
[Date "2017.07.07"]
[Round "8"]
[White "Haug, Johannes"]
[Black "Holm, Kristian Stuvik"]
[Result "0-1"]
[WhiteElo "2335"]
[BlackElo "2403"]
[PlyCount "78"]
[%clk 1:26:28] } 5... Nbd7 { [%clk 1:31:53] } 6. Qc2 { [%clk 1:25:07] }
[%clk 1:11:56] } 9... b5 { [%clk 1:33:19] } 10. Be2 { [%clk 1:02:42] }

1. d4 { [%clk 1:29:40] } 1... d5 { [%clk 1:30:54] } 2. c4 { [%clk 1:29:53]
} 2... e6 { [%clk 1:31:19] } 3. Nf3 { [%clk 1:29:02] } 3... Nf6 { [%clk
1:31:39] } 4. Nc3 { [%clk 1:28:50] } 4... c6 { [%clk 1:31:49] } 5. e3 {
6... Bd6 { [%clk 1:32:15] } 7. Bd3 { [%clk 1:13:32] } 7... O-O { [%clk
1:32:38] } 8. O-O { [%clk 1:12:28] } 8... dxc4 { [%clk 1:32:54] } 9. Bxc4 {
10... Bb7 { [%clk 1:33:32] } 11. e4 { [%clk 0:53:18] } 11... e5 { [%clk
1:33:56] } 12. dxe5 { [%clk 0:52:33] } 12... Nxe5 { [%clk 1:34:19] } 13.
Nxe5 { [%clk 0:39:31] } 13... Bxe5 { [%clk 1:34:43] } 14. Be3 { [%clk
0:32:56] } 14... Re8 { [%clk 1:30:28] } 15. Bf3 { [%clk 0:29:41] } 15... a6
{ [%clk 1:08:19] } 16. Rfe1 { [%clk 0:28:00] } 16... Qc7 { [%clk 1:04:35] }
17. g3 { [%clk 0:28:01] } 17... c5 { [%clk 1:04:34] } 18. Nd5 { [%clk
0:17:01] } 18... Nxd5 { [%clk 1:03:57] } 19. exd5 { [%clk 0:17:29] } 19...
c4 { [%clk 0:43:17] } 20. Rad1 { [%clk 0:16:44] } 20... Qd6 { [%clk
0:39:48] } 21. Kg2 { [%clk 0:15:35] } 21... Rac8 { [%clk 0:36:41] } 22. a3
{ [%clk 0:07:38] } 22... a5 { [%clk 0:32:37] } 23. Bc1 { [%clk 0:01:40] }
23... h6 { [%clk 0:28:23] } 24. Qe2 { [%clk 0:00:54] } 24... Rc7 { [%clk
0:22:46] } 25. Bf4 { [%clk 0:00:42] } 25... Rce7 { [%clk 0:22:54] } 26.
Bxe5 { [%clk 0:00:39] } 26... Rxe5 { [%clk 0:23:08] } 27. Qd2 { [%clk
0:00:59] } 27... Rxe1 { [%clk 0:17:42] } 28. Rxe1 { [%clk 0:01:22] } 28...
Rxe1 { [%clk 0:18:09] } 29. Qxe1 { [%clk 0:01:26] } 29... Bxd5 { [%clk
0:18:37] } 30. Qe8+ { [%clk 0:00:41] } 30... Kh7 { [%clk 0:19:04] } 31.
Qxb5 { [%clk 0:00:58] } 31... Bxf3+ { [%clk 0:19:31] } 32. Kxf3 { [%clk
0:01:19] } 32... Qd3+ { [%clk 0:19:51] } 33. Kg2 { [%clk 0:00:41] } 33...
Qe4+ { [%clk 0:20:10] } 34. Kh3 { [%clk 0:00:38] } 34... g5 { [%clk
0:06:24] } 35. Qb6 { [%clk 0:00:53] } 35... g4+ { [%clk 0:03:48] } 36. Kh4
{ [%clk 0:01:09] } 36... Qf5 { [%clk 0:04:10] } 37. Qd8 { [%clk 0:00:54] }
37... a4 { [%clk 0:03:29] } 38. Qe7 { [%clk 0:00:34] } 38... Kg6 { [%clk
0:03:35] } 39. Qd6+ { [%clk 0:00:46] } 39... f6 { [%clk 0:03:52] }
0-1

[Event "Landsturneringen 2017"]
[Site "Clarion Energy Hotel, Stavanger"]
[Date "2017.07.07"]
[Round "8"]
[White "Kaasen, Tor Fredrik"]
[Black "Tryggestad, Andreas G"]
[Result "1-0"]
[WhiteElo "2402"]
[BlackElo "2314"]
[PlyCount "79"]
[%clk 1:31:17] } 5... Nb6 { [%clk 1:31:00] } 6. Nf3 { [%clk 1:30:37] } 6...
[%clk 1:30:57] } 11. b4 { [%clk 1:25:01] } 11... Be6 { [%clk 1:30:11] } 12.
[%clk 0:54:15] } 16... Nxb4 { [%clk 0:58:15] } 17. Bxg5 { [%clk 0:38:09] }
[%clk 0:54:54] } 19. Nxe6 { [%clk 0:37:23] } 19... Qxe6 { [%clk 0:55:16] }
[%clk 0:02:15] } 37. Bxc6+ { [%clk 0:02:28] } 37... Ke7 { [%clk 0:02:39] }

1. c4 { [%clk 1:30:54] } 1... Nf6 { [%clk 1:30:21] } 2. g3 { [%clk 1:30:11]
} 2... g6 { [%clk 1:29:50] } 3. Bg2 { [%clk 1:30:34] } 3... d5 { [%clk
1:30:16] } 4. cxd5 { [%clk 1:30:52] } 4... Nxd5 { [%clk 1:30:40] } 5. Nc3 {
Bg7 { [%clk 1:31:22] } 7. O-O { [%clk 1:29:50] } 7... O-O { [%clk 1:31:45]
} 8. d3 { [%clk 1:30:16] } 8... Nc6 { [%clk 1:31:48] } 9. Be3 { [%clk
1:29:02] } 9... e5 { [%clk 1:31:48] } 10. Rc1 { [%clk 1:28:42] } 10... h6 {
Qd2 { [%clk 1:10:53] } 12... Kh7 { [%clk 1:30:25] } 13. h4 { [%clk 1:10:37]
} 13... Qc8 { [%clk 1:25:03] } 14. h5 { [%clk 1:06:58] } 14... g5 { [%clk
1:17:23] } 15. d4 { [%clk 0:56:29] } 15... Rd8 { [%clk 1:03:37] } 16. d5 {
17... hxg5 { [%clk 0:54:31] } 18. Nxg5+ { [%clk 0:38:09] } 18... Kg8 {
20. dxe6 { [%clk 0:24:34] } 20... Rxd2 { [%clk 0:55:38] } 21. Bxb7 { [%clk
0:24:48] } 21... Rad8 { [%clk 0:54:53] } 22. Ne4 { [%clk 0:23:43] } 22...
Rxe2 { [%clk 0:49:25] } 23. h6 { [%clk 0:16:14] } 23... Bh8 { [%clk
0:40:23] } 24. Ng5 { [%clk 0:10:14] } 24... f6 { [%clk 0:30:31] } 25. Rxc7
{ [%clk 0:06:06] } 25... fxg5 { [%clk 0:19:50] } 26. h7+ { [%clk 0:06:19] }
26... Kf8 { [%clk 0:20:19] } 27. Bf3 { [%clk 0:03:35] } 27... Nc8 { [%clk
0:08:45] } 28. Rf7+ { [%clk 0:03:33] } 28... Ke8 { [%clk 0:09:14] } 29.
Bxe2 { [%clk 0:03:56] } 29... Nd6 { [%clk 0:08:24] } 30. Rxa7 { [%clk
0:02:22] } 30... Nc6 { [%clk 0:06:17] } 31. Rc7 { [%clk 0:02:46] } 31...
Ne7 { [%clk 0:06:21] } 32. Rd1 { [%clk 0:02:41] } 32... Rc8 { [%clk
0:03:45] } 33. Ra7 { [%clk 0:02:01] } 33... Rc6 { [%clk 0:01:56] } 34. Rxd6
{ [%clk 0:01:17] } 34... Rxd6 { [%clk 0:01:34] } 35. Ra8+ { [%clk 0:01:42]
} 35... Rd8 { [%clk 0:01:49] } 36. Bb5+ { [%clk 0:02:06] } 36... Nc6 {
38. Rxd8 { [%clk 0:02:29] } 38... Kxd8 { [%clk 0:03:08] } 39. a4 { [%clk
0:02:51] } 39... Ke7 { [%clk 0:03:21] } 40. a5 { [%clk 0:03:10] }
1-0

[Event "Landsturneringen 2017"]
[Site "Clarion Energy Hotel, Stavanger"]
[Date "2017.07.07"]
[Round "8"]
[White "Aulin-Jansson, Jøran"]
[Black "Løvik, Lasse Østebø"]
[Result "1-0"]
[WhiteElo "2267"]
[BlackElo "2400"]
[PlyCount "81"]
[%clk 1:31:51] } 5... Bd6 { [%clk 1:31:28] } 6. d4 { [%clk 1:32:07] } 6...
[%clk 1:19:04] } 13... Qc7 { [%clk 0:54:38] } 14. Qd2 { [%clk 1:15:10] }
[%clk 1:00:07] } 21... d3 { [%clk 0:26:38] } 22. cxd3 { [%clk 1:00:20] }

1. e4 { [%clk 1:30:29] } 1... e5 { [%clk 1:30:53] } 2. Nf3 { [%clk 1:30:36]
} 2... Nc6 { [%clk 1:31:16] } 3. Bb5 { [%clk 1:31:02] } 3... a6 { [%clk
1:31:35] } 4. Bxc6 { [%clk 1:31:25] } 4... dxc6 { [%clk 1:31:58] } 5. Nc3 {
f6 { [%clk 1:21:59] } 7. dxe5 { [%clk 1:31:03] } 7... fxe5 { [%clk 1:21:51]
} 8. Nxe5 { [%clk 1:29:30] } 8... Nf6 { [%clk 1:17:59] } 9. Nc4 { [%clk
1:24:26] } 9... O-O { [%clk 1:13:40] } 10. Nxd6 { [%clk 1:24:42] } 10...
cxd6 { [%clk 1:13:57] } 11. O-O { [%clk 1:24:51] } 11... Be6 { [%clk
1:06:15] } 12. Bg5 { [%clk 1:24:15] } 12... b5 { [%clk 1:04:33] } 13. f3 {
14... Rad8 { [%clk 0:47:19] } 15. Rad1 { [%clk 1:15:20] } 15... d5 { [%clk
0:41:12] } 16. Bxf6 { [%clk 1:07:29] } 16... Rxf6 { [%clk 0:41:31] } 17. f4
{ [%clk 1:07:17] } 17... Rff8 { [%clk 0:33:55] } 18. e5 { [%clk 1:07:24] }
18... Bf5 { [%clk 0:33:24] } 19. b4 { [%clk 1:06:09] } 19... d4 { [%clk
0:29:20] } 20. Ne2 { [%clk 1:05:56] } 20... c5 { [%clk 0:28:34] } 21. h3 {
22... Rxd3 { [%clk 0:26:45] } 23. Qb2 { [%clk 1:00:06] } 23... Rfd8 { [%clk
0:24:07] } 24. Rxd3 { [%clk 0:57:58] } 24... Rxd3 { [%clk 0:22:15] } 25.
bxc5 { [%clk 0:54:07] } 25... Qxc5+ { [%clk 0:21:43] } 26. Kh2 { [%clk
0:39:57] } 26... Bxh3 { [%clk 0:14:34] } 27. Qc1 { [%clk 0:33:46] } 27...
Qe3 { [%clk 0:13:50] } 28. Qxe3 { [%clk 0:32:51] } 28... Rxe3 { [%clk
0:14:16] } 29. Nd4 { [%clk 0:33:13] } 29... Rd3 { [%clk 0:13:00] } 30. Nc6
{ [%clk 0:21:29] } 30... Bg4 { [%clk 0:07:49] } 31. f5 { [%clk 0:19:49] }
31... Rc3 { [%clk 0:04:48] } 32. Ne7+ { [%clk 0:15:35] } 32... Kf8 { [%clk
0:04:12] } 33. Nd5 { [%clk 0:15:28] } 33... Rd3 { [%clk 0:02:45] } 34. Nc7
{ [%clk 0:11:52] } 34... Re3 { [%clk 0:02:04] } 35. Rf4 { [%clk 0:10:52] }
35... h5 { [%clk 0:01:54] } 36. e6 { [%clk 0:08:25] } 36... Rd3 { [%clk
0:00:48] } 37. f6 { [%clk 0:08:13] } 37... gxf6 { [%clk 0:00:55] } 38.
Rxf6+ { [%clk 0:08:37] } 38... Kg7 { [%clk 0:01:20] } 39. e7 { [%clk
0:05:24] } 39... Bd7 { [%clk 0:01:07] } 40. e8=Q { [%clk 0:04:50] } 40...
Bxe8 { [%clk 0:01:19] } 41. Nxe8+ { [%clk 0:05:12] }
1-0

[Event "Landsturneringen 2017"]
[Site "Clarion Energy Hotel, Stavanger"]
[Date "2017.07.07"]
[Round "8"]
[White "Haldorsen, Benjamin"]
[Black "Gandrud, Vegar Koi"]
[Result "1-0"]
[WhiteElo "2356"]
[BlackElo "2330"]
[PlyCount "85"]
[%clk 1:28:57] } 5... Bb4 { [%clk 1:29:29] } 6. Nxc6 { [%clk 1:29:14] }
[%clk 1:28:59] } 9... O-O { [%clk 1:29:47] } 10. h3 { [%clk 1:28:03] }
[%clk 0:18:26] } 26... Rfe8 { [%clk 0:10:38] } 27. Qg5 { [%clk 0:15:55] }

1. e4 { [%clk 1:29:31] } 1... e5 { [%clk 1:30:53] } 2. Nf3 { [%clk 1:29:22]
} 2... Nc6 { [%clk 1:31:19] } 3. d4 { [%clk 1:29:00] } 3... exd4 { [%clk
1:31:38] } 4. Nxd4 { [%clk 1:29:29] } 4... Nf6 { [%clk 1:31:04] } 5. Nc3 {
6... bxc6 { [%clk 1:29:53] } 7. Bd3 { [%clk 1:29:38] } 7... d5 { [%clk
1:29:05] } 8. exd5 { [%clk 1:29:46] } 8... cxd5 { [%clk 1:29:25] } 9. O-O {
10... h6 { [%clk 1:25:33] } 11. Qf3 { [%clk 1:25:24] } 11... c6 { [%clk
1:22:03] } 12. Ne2 { [%clk 1:23:03] } 12... Re8 { [%clk 0:55:24] } 13. Nd4
{ [%clk 1:11:44] } 13... Bd7 { [%clk 0:54:54] } 14. Nf5 { [%clk 1:11:41] }
14... Bf8 { [%clk 0:46:41] } 15. c4 { [%clk 0:54:02] } 15... Ne4 { [%clk
0:42:46] } 16. cxd5 { [%clk 0:52:02] } 16... cxd5 { [%clk 0:43:10] } 17.
Rd1 { [%clk 0:48:14] } 17... Qc8 { [%clk 0:37:02] } 18. Ng3 { [%clk
0:46:57] } 18... Nxg3 { [%clk 0:28:15] } 19. Qxg3 { [%clk 0:46:31] } 19...
Qb8 { [%clk 0:28:26] } 20. Bf4 { [%clk 0:31:41] } 20... Qxb2 { [%clk
0:28:46] } 21. Bxh6 { [%clk 0:32:06] } 21... g6 { [%clk 0:20:14] } 22. Bxf8
{ [%clk 0:28:56] } 22... Rxf8 { [%clk 0:20:14] } 23. h4 { [%clk 0:25:34] }
23... Qg7 { [%clk 0:18:16] } 24. Rac1 { [%clk 0:24:08] } 24... Be6 { [%clk
0:17:49] } 25. Re1 { [%clk 0:21:27] } 25... d4 { [%clk 0:14:45] } 26. a4 {
27... Bd7 { [%clk 0:04:54] } 28. a5 { [%clk 0:11:26] } 28... Re6 { [%clk
0:02:22] } 29. Rxe6 { [%clk 0:09:49] } 29... Bxe6 { [%clk 0:02:46] } 30.
Rc7 { [%clk 0:08:56] } 30... Qf8 { [%clk 0:00:50] } 31. Bxg6 { [%clk
0:08:58] } 31... Qg7 { [%clk 0:00:50] } 32. h5 { [%clk 0:04:01] } 32... d3
{ [%clk 0:01:12] } 33. Qe3 { [%clk 0:03:46] } 33... Qa1+ { [%clk 0:01:11] }
34. Rc1 { [%clk 0:04:14] } 34... Qxa5 { [%clk 0:01:31] } 35. Bxd3 { [%clk
0:03:58] } 35... Qxh5 { [%clk 0:01:14] } 36. Rc5 { [%clk 0:02:45] } 36...
Qd1+ { [%clk 0:01:36] } 37. Kh2 { [%clk 0:03:13] } 37... Rc8 { [%clk
0:01:37] } 38. Qg3+ { [%clk 0:00:47] } 38... Kf8 { [%clk 0:01:33] } 39.
Qd6+ { [%clk 0:00:38] } 39... Kg7 { [%clk 0:01:48] } 40. Rg5+ { [%clk
0:00:45] } 40... Kf6 { [%clk 0:01:22] } 41. Rf5+ { [%clk 0:29:46] } 41...
Kg7 { [%clk 0:31:30] } 42. Qe5+ { [%clk 0:29:47] } 42... Kg8 { [%clk
0:30:53] } 43. Rg5+ { [%clk 0:30:08] }
1-0

[Event "Landsturneringen 2017"]
[Site "Clarion Energy Hotel, Stavanger"]
[Date "2017.07.07"]
[Round "8"]
[White "Risting, Eivind Olav"]
[Black "Moen, Andreas G.R."]
[Result "1/2-1/2"]
[WhiteElo "2295"]
[BlackElo "2330"]
[PlyCount "93"]
[%clk 1:29:56] } 5... Nc6 { [%clk 1:20:18] } 6. e4 { [%clk 1:30:09] } 6...
[%clk 0:41:31] } 17... Bc5 { [%clk 0:15:23] } 18. b4 { [%clk 0:40:57] }
[%clk 0:01:50] } 38. Kd5 { [%clk 0:01:12] } 38... Nf6+ { [%clk 0:01:54] }

1. d4 { [%clk 1:30:08] } 1... Nf6 { [%clk 1:28:32] } 2. c4 { [%clk 1:29:40]
} 2... c6 { [%clk 1:23:16] } 3. Nc3 { [%clk 1:29:26] } 3... d5 { [%clk
1:23:42] } 4. cxd5 { [%clk 1:29:35] } 4... cxd5 { [%clk 1:24:04] } 5. f3 {
e5 { [%clk 0:53:17] } 7. dxe5 { [%clk 1:22:46] } 7... Nxe5 { [%clk 0:53:41]
} 8. f4 { [%clk 1:19:28] } 8... Nc6 { [%clk 0:49:38] } 9. e5 { [%clk
1:08:33] } 9... Ne4 { [%clk 0:49:33] } 10. Nxe4 { [%clk 1:02:55] } 10...
dxe4 { [%clk 0:49:55] } 11. Qxd8+ { [%clk 1:02:36] } 11... Nxd8 { [%clk
0:47:09] } 12. Be3 { [%clk 0:59:38] } 12... Bb4+ { [%clk 0:40:42] } 13. Kf2
{ [%clk 0:59:29] } 13... O-O { [%clk 0:41:07] } 14. Ne2 { [%clk 0:58:22] }
14... Ne6 { [%clk 0:27:30] } 15. Ng3 { [%clk 0:55:50] } 15... b6 { [%clk
0:17:25] } 16. a3 { [%clk 0:50:39] } 16... Be7 { [%clk 0:17:20] } 17. Nf5 {
18... Nc7 { [%clk 0:09:39] } 19. Bxc5 { [%clk 0:25:17] } 19... bxc5 { [%clk
0:09:10] } 20. Nd6 { [%clk 0:21:10] } 20... cxb4 { [%clk 0:07:08] } 21.
axb4 { [%clk 0:20:35] } 21... Nd5 { [%clk 0:04:33] } 22. b5 { [%clk
0:17:22] } 22... Nxf4 { [%clk 0:01:41] } 23. Ke3 { [%clk 0:16:17] } 23...
Nd5+ { [%clk 0:01:25] } 24. Kxe4 { [%clk 0:15:54] } 24... Nb6 { [%clk
0:01:54] } 25. Nxc8 { [%clk 0:14:05] } 25... Rfxc8 { [%clk 0:01:31] } 26.
Bd3 { [%clk 0:13:59] } 26... Kf8 { [%clk 0:01:14] } 27. Rhc1 { [%clk
0:13:33] } 27... Rxc1 { [%clk 0:00:39] } 28. Rxc1 { [%clk 0:14:01] } 28...
Re8 { [%clk 0:01:00] } 29. Kf4 { [%clk 0:08:55] } 29... h6 { [%clk 0:01:30]
} 30. Be4 { [%clk 0:07:57] } 30... Rc8 { [%clk 0:01:27] } 31. Rxc8+ { [%clk
0:06:59] } 31... Nxc8 { [%clk 0:01:56] } 32. Bf5 { [%clk 0:05:54] } 32...
Nb6 { [%clk 0:01:39] } 33. Ke4 { [%clk 0:06:04] } 33... Ke7 { [%clk
0:01:59] } 34. Kd4 { [%clk 0:06:12] } 34... Kd8 { [%clk 0:02:13] } 35. Kc5
{ [%clk 0:05:47] } 35... Kc7 { [%clk 0:02:40] } 36. e6 { [%clk 0:04:32] }
36... fxe6 { [%clk 0:02:50] } 37. Bxe6 { [%clk 0:04:59] } 37... Nd7+ {
39. Ke5 { [%clk 0:01:15] } 39... Kb6 { [%clk 0:00:45] } 40. Kf5 { [%clk
0:00:53] } 40... Kxb5 { [%clk 0:00:41] } 41. Kg6 { [%clk 0:01:00] } 41...
Kc5 { [%clk 0:28:50] } 42. Ba2 { [%clk 0:19:07] } 42... h5 { [%clk 0:22:39]
} 43. Kxg7 { [%clk 0:18:44] } 43... Ng4 { [%clk 0:22:57] } 44. Kg6 { [%clk
0:18:16] } 44... Nxh2 { [%clk 0:19:54] } 45. Kxh5 { [%clk 0:18:40] } 45...
a5 { [%clk 0:19:54] } 46. g4 { [%clk 0:18:25] } 46... Nxg4 { [%clk 0:20:19]
} 47. Kxg4 { [%clk 0:18:49] }
1/2-1/2

[Event "Landsturneringen 2017"]
[Site "Clarion Energy Hotel, Stavanger"]
[Date "2017.07.08"]
[Round "9"]
[White "Lie, Kjetil A."]
[Black "Hammer, Jon Ludvig"]
[Result "1/2-1/2"]
[WhiteElo "2539"]
[BlackElo "2628"]
[PlyCount "0"]

1. c4 {[%clk 1:30:57]} e5 {[%clk 1:30:31]} 2. e3 {[%clk 1:31:15]} Nf6
{[%clk 1:29:00]} 3. Nc3 {[%clk 1:29:18]} Bb4 {[%clk 1:28:13]} 4. Nge2
{[%clk 1:29:29]} c6 {[%clk 1:15:28]} 5. a3 {[%clk 1:29:22]} Ba5 {[%clk 1:15:56]}
6. b4 {[%clk 1:29:37]} Bc7 {[%clk 1:16:19]} 7. d4 {[%clk 1:30:00]} d5
{[%clk 1:10:34]} 8. cxd5 {[%clk 1:25:25]} Nxd5 {[%clk 1:04:35]} 9. Nxd5
{[%clk 1:23:23]} cxd5 {[%clk 1:01:20]} 10. dxe5 {[%clk 1:18:36]} Bxe5
{[%clk 1:00:44]} 11. Nd4 {[%clk 1:18:16]} Qb6 {[%clk 0:45:09]} 12. Bb2
{[%clk 1:12:04]} Nc6 {[%clk 0:43:03]} 13. Bb5 {[%clk 1:09:11]} O-O
{[%clk 0:33:03]} 14. Bxc6 {[%clk 1:07:55]} bxc6 {[%clk 0:29:21]} 15. Rc1
{[%clk 1:04:16]} Bd7 {[%clk 0:29:37]} 16. Bc3 {[%clk 0:42:04]} Qa6
{[%clk 0:28:55]} 17. Qd2 {[%clk 0:42:04]} Rfc8 {[%clk 0:25:09]} 18. Nb3
{[%clk 0:38:04]} d4 {[%clk 0:24:18]} 19. Bxd4 {[%clk 0:31:05]} Bxd4
{[%clk 0:24:39]} 20. Nxd4 {[%clk 0:28:04]} Qxa3 {[%clk 0:24:56]} 21. O-O
{[%clk 0:26:30]} c5 {[%clk 0:22:36]} 22. Nc2 {[%clk 0:24:32]} Qa4
{[%clk 0:23:01]} 23. Ra1 {[%clk 0:24:46]} Qc6 {[%clk 0:23:21]} 24. bxc5
{[%clk 0:24:07]} Qxc5 {[%clk 0:23:46]} 25. Qxd7 {[%clk 0:22:51]} Qxc2
{[%clk 0:20:37]} 26. Rxa7 {[%clk 0:22:54]} Rxa7 {[%clk 0:20:58]} 27. Qxa7
{[%clk 0:23:19]} Qc5 {[%clk 0:16:03]} 28. Qd7 {[%clk 0:22:42]} Qc6
{[%clk 0:16:10]} 29. Qf5 {[%clk 0:17:20]} Qc5 {[%clk 0:16:33]} 30. Qg4
{[%clk 0:17:02]} Qc4 {[%clk 0:16:58]} 31. Qg3 {[%clk 0:13:26]} Qc7
{[%clk 0:17:22]} 32. Qf3 {[%clk 0:10:22]} Qc6 {[%clk 0:17:49]} 33. Qg3
{[%clk 0:07:12]} Qc7 {[%clk 0:18:08]} 34. Qh3 {[%clk 0:07:10]} h6
{[%clk 0:18:36]} 35. g3 {[%clk 0:07:19]} Qc2 {[%clk 0:18:41]} 36. Qg4
{[%clk 0:06:15]} Rc6 {[%clk 0:17:04]} 37. Qd4 {[%clk 0:05:21]} Rf6
{[%clk 0:17:11]} 38. e4 {[%clk 0:04:49]} Qe2 {[%clk 0:16:39]} 39. e5
{[%clk 0:01:52]} Rf3 {[%clk 0:16:11]} 40. Rc1 {[%clk 0:01:05]} Rd3
{[%clk 0:10:41]} 41. Qc4 {[%clk 0:24:07]} Rd1+ {[%clk 0:25:36]} 42. Kg2
{[%clk 0:24:28]} Qxc4 {[%clk 0:26:03]} 43. Rxc4 {[%clk 0:24:52]} Re1
{[%clk 0:25:39]} 44. Rc8+ {[%clk 0:20:01]} Kh7 {[%clk 0:26:04]} 45. f4
{[%clk 0:20:14]} Re2+ {[%clk 0:15:25]} 46. Kf3 {[%clk 0:20:35]} Rxh2
{[%clk 0:15:50]} 47. f5 {[%clk 0:08:23]} Rh1 {[%clk 0:16:13]} 48. Rf8
{[%clk 0:06:07]} Re1 {[%clk 0:16:33]} 49. Kf4 {[%clk 0:05:56]} f6
{[%clk 0:07:05]} 50. exf6 {[%clk 0:05:38]} gxf6 {[%clk 0:07:34]} 51. Rf7+
{[%clk 0:05:58]} Kg8 {[%clk 0:08:00]} 52. Rxf6 {[%clk 0:06:23]} Kg7
{[%clk 0:08:27]} 53. Rg6+ {[%clk 0:06:39]} Kh7 {[%clk 0:08:49]} 54. Re6
{[%clk 0:06:39]} Rf1+ {[%clk 0:08:25]} 55. Ke5 {[%clk 0:03:35]} Rg1
{[%clk 0:08:41]} 56. Rg6 {[%clk 0:00:50]} Ra1 {[%clk 0:09:07]} 57. Rd6
{[%clk 0:01:06]} Rg1 {[%clk 0:09:00]} 58. Rd3 {[%clk 0:00:35]} Kg7
{[%clk 0:09:23]} 59. Rd7+ {[%clk 0:00:40]} Kg8 {[%clk 0:09:44]} 60. Kf4
{[%clk 0:00:47]} Rf1+ {[%clk 0:09:56]} 61. Kg4 {[%clk 0:00:42]} Rf2
{[%clk 0:10:19]} 62. Ra7 {[%clk 0:00:57]} Rf1 {[%clk 0:09:53]} 63. Rb7
{[%clk 0:01:23]} Rf2 {[%clk 0:10:19]} 64. Rc7 {[%clk 0:00:45]} Rf1
{[%clk 0:10:44]} 65. Rd7 {[%clk 0:01:12]} Rf2 {[%clk 0:11:09]} 66. Ra7
{[%clk 0:00:43]} Rf1 {[%clk 0:11:33]} 67. Ra3 {[%clk 0:00:52]} Kg7
{[%clk 0:11:56]} 68. Rf3 {[%clk 0:01:12]} Ra1 {[%clk 0:12:10]} 69. f6+
{[%clk 0:00:38]} Kf7 {[%clk 0:12:33]} 70. Rf4 {[%clk 0:00:45]} Ra5
{[%clk 0:12:32]} 71. Rf5 {[%clk 0:01:01]} Ra6 {[%clk 0:12:17]} 72. Kh5
{[%clk 0:00:55]} Ra3 {[%clk 0:12:40]} 73. Kh4 {[%clk 0:00:45]} Ra6
{[%clk 0:13:03]} 74. Kh5 {[%clk 0:00:43]} Ra3 {[%clk 0:13:27]} 75. Kxh6
{[%clk 0:00:52]}
1/2-1/2